| 000 | 00912nas a2200313 4500 | ||
|---|---|---|---|
| 001 | BR2014006964 | ||
| 003 | BR-BrBNA | ||
| 005 | 20231205124703.0 | ||
| 007 | ta | ||
| 008 | 230509b bl.|||p| |||| 00| 00por d | ||
| 040 |
_aBR-BrBNA _bpor _cBiblioteca Nacional de Agricultura |
||
| 041 | _a(En) | ||
| 072 | _aF61; F01 | ||
| 100 | 1 | _aPetrazzini, L.L. | |
| 100 | 1 | _aSouza, G.A. | |
| 100 | 1 | _aRodas, C.L. | |
| 100 | 1 | _aEmrich, E.B. | |
| 100 | 1 | _aCarvalho, J.G. | |
| 100 | 1 | _aSouza, R.J. | |
| 245 | 1 | _aNutritional deficiency in crisphead lettuce grown in hydroponics | |
| 650 | _aALFACE | ||
| 650 | _aLACTUCA SATIVA | ||
| 650 | _aNUTRIÇÃO MINERAL | ||
| 650 | _aHIDROPONIA | ||
| 650 | _aCULTIVO HIDROPÔNICO | ||
| 773 | 0 |
_tHorticultura Brasileira (Brazil) _xISSN 0102-0536 _g(Jul-Sep 2014), v. 32(2) p. 310-313 _wBR2014006964 |
|
| 909 |
_a202311 _bLúcia _c55 _dLúcia Elande |
||
| 942 |
_2AGRIS _n0 _cANA |
||
| 999 |
_c240386 _d240386 |
||